000
00302nam a22001217a 4500
020
_a
9780727731708
082
_a
624.15136
_b
RAI/GR
245
_a
Ground and Soil Improvement
260
_a
New Delhi
_b
The Institution of Civil Engineers
_c
2014
300
_a
193
700
_a
Raison,C.A
_9
814
942
_c
BK
999
_c
14477
_d
14477